00664nam a2200169 a 4500008004100000050001600041100001400057245007600071246004300147260003100190300002100221350000900242700001400251995008800265999001700353952012400370080109s1986 ||||||||||||||||| || u aQ 181.3 Map aLaw, John10aMapping the dynamics of science and technologycedited by Michel Callon asociology of science in the real world aHampshirebMacmillanc1986 axvii, 242p : ill a0.00 aRip, Arie D0.00FCBU-MAIN LIBRARY (Kitwe)H1I35.00M1UAVAILABLEZAnnex Low-Usage Collection  c50333d50333 00102lcc4070a001b001cAnnex Low-Usage Collection d2022-11-30l0oQ 181.3 Mapp011036r2022-11-30w2022-11-30y002